000 00323nam a2200133 4500
005 20260530115256.0
100 1 _aP·I·E BOOKS
245 1 0 _aNew Calendar Graphics
264 1 _bP·I·E BOOKS
_c2003
300 _a224 páginas
336 _atexto
_2rdacontent
337 _asin medio
_2rdamedia
338 _avolumen
_2rdacarrier
999 _c12627
_d12627